| 000 | 00347nam a22001337a 4500 | ||
|---|---|---|---|
| 020 | _a9788190691949 | ||
| 040 | _cNUST | ||
| 082 | _a621.381 GUP | ||
| 100 | _aGupta, J. B. | ||
| 245 |
_aBasic Electronics _bfor Engineering Students |
||
| 260 |
_aNew Delhi: _bS.K. Kataria, _c2010. |
||
| 650 |
_aElectronics Engineering _9112506 |
||
| 942 |
_2ddc _cBK |
||
| 999 |
_c594798 _d594798 |
||